SCP 002~004 QUIZ - Statistics

General Stats
  • This quiz has been taken 3 times
  • The average score is 3 of 15
Answer Stats
問題 解答 % Correct
保存時の最低温度 35
100%
発見の経緯が記された報告書 ミュールハウゼン報告
50%
接触時に必要なレベル3職員の最低人数 5
50%
接触後に隔離される時間 72
50%
SCP-002の名前 生きている居間
0%
復旧時の照射方法 ストロボ照射
0%
発見された国 ポルトガル
0%
SCP-003の名前 有機的マザーボード
0%
バックアップ電源を起動し100℃に戻した人物 ジャクソン
0%
SCP-004-14の外見 木箱
0%
SCP-004の名前 12の錆びた鍵と扉
0%
SCP-004内に併設されたサイト サイト62
0%
緊張病に近い状態で帰還した被験体が用いた鍵 SCP-004-12
0%
無傷の被験体が用いた鍵 SCP-004-7
0%
発見した遠隔透視チーム SRV-04-β
0%
No matching quizzes found
Score Distribution
Percent of People with Each Score
Percentile by Number Answered
Your Score History
You have not taken this quiz